000 00716nam0a22002411 4500
001 rc\226200
005 20250621003752.0
010 _a5-7260-0451-5
_9200000
035 _a(NLR Aleph) 005479766
090 _a5114015
_c5114015
100 _a20030307d1990 |||y0rusy50 ca
101 0 _arus
102 _aRU
105 _ay |||||||||
200 1 _aСледов не оставлять
_eРоман
_e[Пер. с англ.]
_fДжеймс Хэдли Чейз
210 _aМ.
_cЮрид. лит.
_d1990
215 _a127, [1] с.
_d22
700 1 _aЧейз
_bД.Х.
_f1906-1985
_gДжеймс Хэдли
801 0 _aRU
_bNLR
_gpsbo
801 1 _aRU
_bELAR
_2rusmarc
852 _aNLR
_j90-5/1412
942 _cBOOK
980 _aNB